| 000 | 00768nam a22002537a 4500 | ||
|---|---|---|---|
| 003 | dpl | ||
| 005 | 20180530135641.0 | ||
| 008 | 180530b xxu||||| |||| 00| 0 eng d | ||
| 010 | _aB-128212, B-128213 | ||
| 020 |
_c00.00 _a9788170999164 |
||
| 035 | _aB-128212 | ||
| 037 | _bCen Lib/Ret | ||
| 040 |
_aDPL _bEN _c0 |
||
| 082 |
_a351 _bBRA |
||
| 100 |
_aBrahmachary, K. C _915464 |
||
| 245 |
_aWe and our administration / _cby K. C. Brahmachary |
||
| 260 |
_aNew Delhi _bMittal Publications _c2004 |
||
| 270 |
_bNew Delhi _aA-110, Mohan Garden _e110059 |
||
| 300 |
_ax,528p. _c21cm(Hb) |
||
| 500 | _aIncludes index | ||
| 650 |
_aAdministrative agencies _915465 |
||
| 650 |
_aPolitical science _9102444 |
||
| 942 |
_2ddc _cEN _h351 _mBRA |
||
| 999 |
_c125777 _d125777 |
||